[Event "FRA-ch U20 Girls"]
[Site "Montlucon"]
[Date "2011.04.21"]
[Round "5"]
[White "Loiret, Momoko"]
[Black "Durot, Edwige"]
[Result "1/2-1/2"]
[WhiteElo "1760"]
[BlackElo "1707"]
[PlyCount "106"]
[EventDate "2011.04.17"]
[EventType "swiss"]
[EventRounds "9"]
[EventCountry "FRA"]
[SourceTitle "CBM 142 Extra"]
[Source "ChessBase"]
[SourceDate "2011.06.27"]
[SourceVersion "1"]
[SourceVersionDate "2011.06.27"]
[SourceQuality "1"]

1. d4 Nf6 2. c4 e6 3. Nc3 Bb4 4. a3 Bxc3+ 5. bxc3 0-0 6. Nf3 c5 7. Qc2 d5 8. e3 b6 9. Bd3 Qc7 10. h3 Nbd7 11. cxd5 exd5 12. 0-0 c4 13. Be2 Ne4 14. Nd2 Nxd2 15. Bxd2 Nf6 16. Bf3 Re8 17. a4 Bd7 18. Ra2 Qd6 19. Bc1 Ne4 20. Ba3 Qg6 21. Kh2 Re6 22. Bxe4 Rxe4 23. Qd1 Rae8 24. Bc1 Qd6+ 25. Kh1 Rh4 26. f4 Qg6 27. Qf3 Qf5 28. Kg1 Qe4 29. Qxe4 Rxe4 30. Kh2 Rh6 31. a5 b5 32. Bd2 Kf8 33. Rf3 Bc8 34. Bc1 Ke7 35. Ba3+ Kf6 36. Rg3 Rg6 37. Re2 Kf5 38. Rxg6 Kxg6 39. Bb4 h5 40. Kg3 Kf5 41. Kf3 Kg6 42. g4 hxg4+ 43. hxg4 Kf6 44. Rh2 Re8 45. Rh5 Bb7 46. Bd6 Ke6 47. Re5+ Kd7 48. Rxe8 Kxe8 49. f5 Kd7 50. Bb4 g6 51. fxg6 fxg6 52. Kf4 Ke6 53. g5 a6 1/2-1/2

[Event "FRA-ch U16 Girls"]
[Site "Aix les Bains"]
[Date "2006.??.??"]
[Round "6"]
[White "Loiret, Momoko"]
[Black "Garma, Jovanka"]
[Result "0-1"]
[WhiteElo "1700"]
[BlackElo "1860"]
[PlyCount "130"]
[EventDate "2006.04.16"]
[EventType "swiss"]
[EventRounds "9"]
[EventCountry "FRA"]
[SourceTitle "EXT 2007"]
[Source "ChessBase"]
[SourceDate "2006.11.23"]
[SourceVersion "1"]
[SourceVersionDate "2006.11.23"]
[SourceQuality "1"]

1. d4 d5 2. c4 c6 3. Nf3 Nf6 4. Nc3 e6 5. e3 Bd6 6. Qc2 Nbd7 7. Bd3 dxc4 8. Bxc4 Nb6 9. Bd3 Nbd5 10. a3 Bc7 11. 0-0 h6 12. Ne5 0-0 13. f4 Nd7 14. e4 Nxe5 15. fxe5 Ne7 16. Be3 b6 17. Rad1 Bb7 18. Qf2 Ng6 19. Ne2 Rc8 20. Nf4 Nxf4 21. Bxf4 Qe7 22. Qg3 Kh7 23. b4 Kh8 24. Rf3 Bd8 25. Qg4 Qh4 26. Qxh4 Bxh4 27. Be3 Be7 28. Rdf1 Kg8 29. Rg3 Bg5 30. Bxg5 hxg5 31. Rxg5 Rcd8 32. Rf3 Rxd4 33. Rfg3 g6 34. h4 Kh7 35. h5 Rg8 36. Rf3 Kh6 37. Rgg3 Rd7 38. Rh3 gxh5 39. Rf6+ Rg6 40. Rf4 Kg7 41. Be2 Bc8 42. Rxh5 Rh6 43. Rxh6 Kxh6 44. Kf2 Kg7 45. Kg3 Rc7 46. Kh4 c5 47. g4 c4 48. Rf1 c3 49. Bd3 Bd7 50. Bc2 Bb5 51. Rf3 Rc4 52. Rf1 Rxe4 53. Bxe4 Bxf1 54. Bc2 a5 55. bxa5 bxa5 56. g5 Bc4 57. Kg3 Be2 58. Kf2 Bh5 59. Ke3 Bg6 60. Bxg6 Kxg6 61. Kd3 c2 62. Kxc2 Kxg5 63. Kd3 Kf5 64. Kd4 Kf4 65. a4 Kf5 0-1

[Event "FRA-ch U14 Girls"]
[Site "Calvi"]
[Date "2005.04.23"]
[Round "8"]
[White "Durot, Edwige"]
[Black "Loiret, Momoko"]
[Result "1/2-1/2"]
[WhiteElo "1530"]
[BlackElo "1690"]
[PlyCount "120"]
[EventDate "2005.04.??"]
[EventType "swiss"]
[EventRounds "9"]
[EventCountry "FRA"]
[SourceTitle "EXT 2006"]
[Source "ChessBase"]
[SourceDate "2005.11.24"]
[SourceVersion "1"]
[SourceVersionDate "2005.11.24"]
[SourceQuality "1"]

1. e4 c5 2. Nf3 d6 3. d4 cxd4 4. Nxd4 Nf6 5. Nc3 e6 6. Bg5 a6 7. Qd2 Be7 8. f4 b5 9. a3 Bb7 10. e5 dxe5 11. fxe5 Ne4 12. Nxe4 Bxe4 13. Bxe7 Qxe7 14. Bd3 Bb7 15. 0-0-0 0-0 16. Rhg1 Nc6 17. Be4 Nxe5 18. Bxb7 Qxb7 19. Qb4 Rfd8 20. a4 Rd5 21. Nb3 Rc8 22. Rxd5 Qxd5 23. Kb1 Qc4 24. Qxc4 Rxc4 25. axb5 axb5 26. Rd1 Kf8 27. Rd4 Ke7 28. Rxc4 bxc4 29. Na5 Kd6 30. b3 cxb3 31. cxb3 Nd3 32. g3 e5 33. Kc2 e4 34. Kc3 Kd5 35. h3 Ne5 36. b4 e3 37. g4 e2 38. Kd2 Nc4+ 39. Kxe2 h6 40. Kd3 Nd6 41. Nb3 g6 42. Nd4 Ne4 43. b5 Nd6 44. h4 Kc5 45. Ke3 Kd5 46. b6 Nc4+ 47. Kf4 Nxb6 48. Nf3 Nc4 49. h5 Nd6 50. hxg6 fxg6 51. Ng5 hxg5+ 52. Kxg5 Ne8 53. Kxg6 Ke6 54. g5 Ke7 55. Kh7 Kf8 56. g6 Ng7 57. Kh8 Ne8 58. Kh7 Ng7 59. Kh8 Ne6 60. g7+ Nxg7 1/2-1/2

[Event "FRA-ch U14 Girls"]
[Site "Calvi"]
[Date "2005.04.19"]
[Round "3"]
[White "Loiret, Momoko"]
[Black "Rambourg, Juliette"]
[Result "1-0"]
[WhiteElo "1690"]
[BlackElo "1870"]
[PlyCount "73"]
[EventDate "2005.04.??"]
[EventType "swiss"]
[EventRounds "9"]
[EventCountry "FRA"]
[SourceTitle "EXT 2006"]
[Source "ChessBase"]
[SourceDate "2005.11.24"]
[SourceVersion "1"]
[SourceVersionDate "2005.11.24"]
[SourceQuality "1"]

1. d4 d5 2. c4 Nc6 3. Nf3 Bg4 4. e3 dxc4 5. Bxc4 e5 6. Qb3 Qd7 7. Nxe5 Nxe5 8. dxe5 Bb4+ 9. Nd2 Bxd2+ 10. Bxd2 Rd8 11. Bc3 Nh6 12. 0-0 Qc8 13. e6 f6 14. f3 Bf5 15. e4 Bg6 16. Rad1 Ke7 17. Qa3+ c5 18. Bd4 b6 19. Qxa7+ Ke8 20. Bb5+ Kf8 21. e7+ Kg8 22. exd8Q+ Qxd8 23. Bxc5 Qc8 24. Qxb6 Nf7 25. Rd7 h6 26. Rfd1 Kh7 27. Bc4 Ne5 28. Rd8 Rxd8 29. Rxd8 Nxc4 30. Rxc8 Nxb6 31. Bxb6 Bf7 32. a4 Be6 33. Rc7 Bb3 34. a5 Ba4 35. a6 Bb5 36. a7 Be8 37. a8Q 1-0

[Event "FRA-chT2 0304"]
[Site "France"]
[Date "2004.04.03"]
[Round "10"]
[White "Marchadour, Emilie"]
[Black "Loiret, Momoko"]
[Result "1-0"]
[WhiteElo "2043"]
[BlackElo "1970"]
[PlyCount "65"]
[EventDate "2003.10.??"]
[EventType "team"]
[EventRounds "11"]
[EventCountry "FRA"]
[SourceTitle "EXT 2005"]
[Source "ChessBase"]
[SourceDate "2004.11.15"]
[SourceVersion "1"]
[SourceVersionDate "2004.11.15"]
[SourceQuality "1"]

1. e4 c5 2. Nf3 d6 3. d4 cxd4 4. Nxd4 Nf6 5. Nc3 e6 6. Be3 a6 7. f3 Nc6 8. Qd2 Bd7 9. g4 Nxd4 10. Bxd4 Bc6 11. 0-0-0 Be7 12. Be2 b5 13. g5 Nd7 14. Bxg7 Rg8 15. Bf6 Qc7 16. Bxe7 Kxe7 17. a3 Raf8 18. Qf4 f6 19. gxf6+ Nxf6 20. Qe3 Rd8 21. Rhg1 Rg6 22. Rxg6 hxg6 23. Qh6 Rg8 24. Rg1 Be8 25. Bd3 Qc5 26. Qg5 Qf2 27. e5 Qd4 28. exf6+ Kd7 29. Rd1 Qb6 30. Qh6 Bf7 31. Ne4 Qd8 32. Nxd6 Qxf6 33. Nxf7 1-0

[Event "FRA-ch U12 Girls"]
[Site "Le Grand Bornand"]
[Date "2003.??.??"]
[Round "7.5"]
[White "Genzling, Sylvie"]
[Black "Loiret, Momoko"]
[Result "1-0"]
[WhiteElo "1740"]
[BlackElo "1500"]
[PlyCount "81"]
[EventDate "2003.??.??"]
[EventType "swiss"]
[EventRounds "9"]
[EventCountry "FRA"]
[SourceTitle "EXT 2004"]
[Source "ChessBase"]
[SourceDate "2003.11.25"]
[SourceVersion "1"]
[SourceVersionDate "2003.11.25"]
[SourceQuality "1"]

1. e4 c5 2. Nf3 Nc6 3. d4 cxd4 4. Nxd4 d6 5. Nc3 Nf6 6. Be2 e6 7. Be3 Be7 8. 0-0 0-0 9. f4 e5 10. fxe5 Nxe5 11. h3 d5 12. Nf5 dxe4 13. Nxe7+ Qxe7 14. Qe1 b6 15. Qg3 Ng6 16. Kh1 h5 17. Bg5 Bb7 18. Bxf6 gxf6 19. Bc4 Kh7 20. Bd5 Rab8 21. Bxb7 Rxb7 22. Rae1 Qe5 23. Qf2 Kg7 24. Rxe4 Qg5 25. h4 Qc5 26. Qxf6+ Kh7 27. Rf5 Qc8 28. Rxh5+ Kg8 29. Rg5 Qd8 30. Qf3 Kg7 31. Reg4 Rh8 32. Rxg6+ fxg6 33. Qxb7+ Kh6 34. Qe4 Rg8 35. Qf4+ Kh7 36. h5 gxh5 37. Qf5+ Kh6 38. Qe6+ Kh7 39. Qf7+ Kh6 40. Qxg8 Qxg8 41. Rxg8 1-0

[Event "FRA-ch U12 Girls"]
[Site "Le Grand Bornand"]
[Date "2003.??.??"]
[Round "3.5"]
[White "Klipper, Noemie"]
[Black "Loiret, Momoko"]
[Result "1-0"]
[WhiteElo "1440"]
[BlackElo "1500"]
[PlyCount "95"]
[EventDate "2003.??.??"]
[EventType "swiss"]
[EventRounds "9"]
[EventCountry "FRA"]
[SourceTitle "EXT 2004"]
[Source "ChessBase"]
[SourceDate "2003.11.25"]
[SourceVersion "1"]
[SourceVersionDate "2003.11.25"]
[SourceQuality "1"]

1. e4 c5 2. Nc3 Nc6 3. f4 d6 4. Nf3 e6 5. Bc4 Nf6 6. d3 Be7 7. 0-0 0-0 8. Qe1 Re8 9. e5 Ng4 10. Bb5 a6 11. Bxc6 bxc6 12. exd6 Bxd6 13. Ne5 Bxe5 14. fxe5 Qd4+ 15. Kh1 Nxe5 16. Rf4 Qd6 17. Ne4 Qe7 18. Be3 c4 19. Bc5 Qd7 20. Qg3 Ng6 21. h4 f5 22. h5 fxe4 23. hxg6 h6 24. Raf1 Bb7 25. Rf7 Qd5 26. Qf2 Qh5+ 27. Kg1 Qxg6 28. Rxb7 cxd3 29. Qf7+ Kh7 30. Qxg6+ Kxg6 31. cxd3 exd3 32. Rd1 Rad8 33. Rc7 Kf5 34. Rxc6 e5 35. Rxa6 e4 36. Be3 h5 37. b4 g5 38. Ra5+ Re5 39. Rxe5+ Kxe5 40. Bxg5 Rc8 41. Kf2 Rc2+ 42. Rd2 Kd4 43. Rxc2 dxc2 44. Ke2 Kc4 45. a3 h4 46. Kd2 Kb3 47. b5 Kb2 48. Ke2 1-0

[Event "FRA-ch U12 Girls"]
[Site "Hyeres"]
[Date "2002.??.??"]
[Round "5.10"]
[White "Loiret, Momoko"]
[Black "Cazorla, Roxane"]
[Result "1-0"]
[WhiteElo "1280"]
[BlackElo "1510"]
[PlyCount "87"]
[EventDate "2002.04.05"]
[EventType "swiss"]
[EventRounds "9"]
[EventCountry "FRA"]
[SourceTitle "EXT 2003"]
[Source "ChessBase"]
[SourceDate "2002.11.25"]
[SourceVersion "1"]
[SourceVersionDate "2002.11.25"]
[SourceQuality "1"]

1. d4 d5 2. c4 e6 3. Nc3 Nf6 4. Bg5 Bb4 5. e3 0-0 6. Nf3 c6 7. a3 Bxc3+ 8. bxc3 Nbd7 9. Qc2 Re8 10. Bd3 h6 11. Bh4 e5 12. e4 g5 13. Nxg5 hxg5 14. Bxg5 Nb6 15. Qe2 Bg4 16. f3 Bh5 17. 0-0 Qe7 18. Qf2 dxc4 19. Qg3 Bg6 20. Qh4 Kg7 21. f4 Rh8 22. Qg3 Kf8 23. fxe5 Qd7 24. Bxf6 Rh7 25. Be2 Bxe4 26. Bg4 Qd5 27. e6 fxe6 28. Bh4+ Bf5 29. Bxf5 exf5 30. Qg6 Rf7 31. Qh6+ Kg8 32. Bf6 Rh7 33. Qg6+ Kf8 34. Qxh7 Qf7 35. Qh8+ Qg8 36. Bg7+ Ke7 37. Qh4+ Kd7 38. Qh6 Re8 39. Rxf5 Kc8 40. Rf8 Rxf8 41. Bxf8 Nd5 42. Qh3+ Kb8 43. Rf1 a6 44. Qd7 1-0